000 00890nam0a22002531 4500
001 rc\256012
005 20260407143003.0
035 _a(NLR Aleph) 005527640
090 _a5575277
_c5575277
100 _a20030307d1990 |||y0rusy50 ca
101 0 _arus
102 _aRU
105 _aa |||||||||
200 1 _aГорноспасательное дело
_eСб. науч. тр.
_fВНИИ горноспасат. дела
_g[Ред. совет: А.С. Чумак (пред.) и др.]
210 _aДонецк
_cВНИИГД
_d1990
215 _a126 с.
_cил.
_d21
320 _aБиблиогр. в конце ст.
702 1 _aЧумак
_bА.С.
_4340
712 0 2 _aВНИИ горноспасательного дела
_cДонецк
_3RU\NLR\AUTH\8810014296
_9526512
801 0 _aRU
_bNLR
_gpsbo
801 1 _aRU
_bELAR
_2rusmarc
852 _aNLR
_j91-3/669
942 _cBOOK
980 _aNB